000 00943nam a22002657a 4500
001 8405
003 FISKH
005 20250910152641.0
008 250910b cb ||||| |||| 00| 0 eng d
020 _a9780448456782
040 _aFISKH
_beng
_cFISKH
_dFISKH
082 _a823
100 _aLauren Child
245 _aI would like to actually keep it /
_cby Lauren Child
260 _aNew York :
_bGrosset & Dunlap ,
_c2011.
300 _a24 unnumbered pages :
_bcolor illustrations ;
_c20 cm.
490 _aCharlie and Lola
505 _aG
520 _aCharlie has this little sister, Lola. One day, Lola finds a stuffed rabbit outside of school. Charlie says "we should try to find it's owner." But Lola says, "I would like to actually keep it!"--Back cover.
521 8 _a380
_bLexile
521 8 _aG
_bRaz-Plus
650 _aBrothers and sisters
_vChildren's Book
942 _2ddc
_cBK
_n0
999 _c8405
_d8405